Загрузка...
Psychology of learning and teaching
| Главный автор: | |
|---|---|
| Формат: | Printed Book |
| Язык: | Undetermined English |
| Опубликовано: |
Newyork
Mc Graw- Hill Book Company Inc
1954
|
| Предметы: |
| LEADER | 00558nam a2200169Ia 4500 | ||
|---|---|---|---|
| 008 | 140306s9999 xx 000 0 und d | ||
| 041 | |a eng | ||
| 082 | |a 370 |b BER | ||
| 100 | |a Bernard, Harold W | ||
| 245 | |a Psychology of learning and teaching | ||
| 260 | |a Newyork |b Mc Graw- Hill Book Company Inc |c 1954 | ||
| 300 | |a 436 | ||
| 650 | |a Psychology | ||
| 650 | |a Reasoning-Problem solving | ||
| 942 | |2 ddc |c BK | ||
| 999 | |c 50758 |d 50758 | ||
| 952 | |0 0 |1 0 |2 ddc |4 0 |6 370_000000000000000_BER |7 0 |9 67078 |a KAUACV |b KAUACV |d 2004-05-03 |o 370 BER |p KAU_ACV-4787 |r 2014-03-22 |w 2014-03-22 |y BK | ||